Statistics for People by Picture - C

Click here to take the quiz!

General Stats

  • This quiz has been taken 690 times
  • The average score is 11 of 18

Answer Stats

Answer% Correct
Charlie Chaplin
93%
Christopher Columbus
88%
Cher
85%
Cristiano Ronaldo
80%
Chris Hemsworth
76%
Céline Dion
75%
Charles Darwin
71%
Charles Dickens
70%
Clint Eastwood
69%
Cameron Diaz
67%
Channing Tatum
59%
Charlize Theron
54%
Colin Firth
51%
Charlotte Brontë
41%
Caligula
30%
Catherine Tate
29%
Claude Monet
29%
Charles Babbage
16%

Score Distribution

Percentile by Number Answered

Percent of People with Each Score

Your Score History

You have not taken this quiz